Civil engineering (Record no. 188679)

000 -LEADER
fixed length control field 00397nam a2200145Ia 4500
008 - FIXED-LENGTH DATA ELEMENTS--GENERAL INFORMATION
fixed length control field 220217s9999||||xx |||||||||||||| ||und||
020 ## - INTERNATIONAL STANDARD BOOK NUMBER
International Standard Book Number 9788174091270
082 ## - DEWEY DECIMAL CLASSIFICATION NUMBER
Classification number 624 VAZ
100 ## - MAIN ENTRY--PERSONAL NAME
Personal name Vazirani, V.N and Chandola, S.P
9 (RLIN) 10267
245 #0 - TITLE STATEMENT
Title Civil engineering
250 ## - EDITION STATEMENT
Edition statement 6
260 ## - PUBLICATION, DISTRIBUTION, ETC.
Place of publication, distribution, etc. Khanna publishers
Name of publisher, distributor, etc. New Delhi
Date of publication, distribution, etc. 2015
300 ## - PHYSICAL DESCRIPTION
Extent XIII, 1136p.
Other physical details 449
650 ## - SUBJECT ADDED ENTRY--TOPICAL TERM
Topical term or geographic name entry element Civil engineering
Holdings
Withdrawn status Lost status Damaged status Not for loan Collection code Home library Current library Shelving location Date acquired Full call number Barcode Date last seen Price effective from Koha item type
        Civil Engineering Central Library Central Library Reference 02/18/2022 624 VAZ 23868 02/18/2022 02/18/2022 Books

Powered by Koha